| 000 | 00791nam a2200229 a 4500 | ||
|---|---|---|---|
| 001 | 001046559 | ||
| 003 | AM-YeHGA | ||
| 005 | 20250617150950.0 | ||
| 008 | 141113s1981 ||| r 000 0 rus d | ||
| 040 | _aAM-YeHGA | ||
| 041 | 0 | _arus | |
| 245 | 0 | 0 |
_aПроектирование и испытания термоэмиссионных твэлов / _cВ.В. Синявский, В.И. Бержатый, В.А. Маевский, В.Г. Петровский. |
| 260 |
_aМосква : _bАтомиздат, _c1981. |
||
| 300 | _a96 с. | ||
| 504 | _aБиблиогр.: с. 91-95 | ||
| 650 | 1 | 4 | _aЭКГ |
| 700 | 1 | _aСинявский, В.В. | |
| 700 | 1 | _aБержатый, В.И. | |
| 700 | 1 | _aМаевский,В.А. | |
| 700 | 1 | _aПетровский, В.Г. | |
| 090 | _c343557 | ||
| 999 |
_c341767 _d341767 |
||